000 00521nam a2200169Ia 4500
005 20250508160023.0
008 008 250505s9999 xx 000 0 eng d
037 _aBooks to be hide in OPAC
040 _aFEDL
_beng
_cFEDL
041 _aeng
_2eng
084 _a913.095 91, BUR/O
_qFEDL
245 0 _aReport of the superintendent, archaeological survey Burma, for the year ending 31st March 1915
260 _c1915
300 _a70p.
942 _cHB
_h913.095 91, BUR/O
999 _c1361108
_d1361108